| 000 | 00816cab a2200229 4500 | ||
|---|---|---|---|
| 001 | WB2822-45 | ||
| 008 | 090401t1992 xxu||||| |||| 00| 0 eng d | ||
| 035 | _a(Sirsi) u26618 | ||
| 041 | _aeng | ||
| 245 | _aDownward rent review victory | ||
| 260 | _c1992 | ||
| 350 | _a0 | ||
| 490 |
_aEstates Times _v(1145) 29 May 1992, 1(1) |
||
| 520 | _aBoots has won a court battle that could mean the end of the upwards-only rent review clause. As part of its application for a new lease to replace two old leases, Boots asked for an upward or downward rent review clause to be included in the lease. | ||
| 650 | _aDOWNWARD REVIEW CLAUSES | ||
| 650 | _aELEPHANT AND CASTLE | ||
| 650 | _aFALLING MARKET | ||
| 650 | _aRENT REVIEWS | ||
| 690 | _aLANDLORD AND TENANT-RENT REVIEWS | ||
| 942 | _n0 | ||
| 948 | _c04/03/1997 | ||
| 999 |
_c17904 _d17904 |
||